Análisis comunicacional del conflicto ambiental de la Comuna de San Alfonso

Durante los últimos diez años, Chile ha experimentado un fuerte y sostenido crecimiento económico, lo que convierte a nuestro país en una economía atractiva para las inversiones extranjeras. Sin embargo, este crecimiento no ha estado exento de conflictos, en especial los ambientales debidos a que un...

Full description

Bibliographic Details
Main Author: Ceppi Morales, Margarita
Other Authors: Letelier Saavedra, Pamela, Ruz Aguilera, Omar
Format: Tesis
Language:Spanish
Published: Santiago, Chile: Universidad Academia de Humanismo Cristiano, 1998.
Subjects:
Online Access:Disponible en línea (PDF). Biblioteca Digital UAHC

MARC

LEADER 00000cam a2200000 a 4500
001 046591
003 UAHC_CL
005 20220809063600.0
008 010822b cl 000 spa
040 |a UAHC_CL  |c UAHC_CL  |d UAHC_CL 
082 0 4 |a TPERIO 03 
100 |a Ceppi Morales, Margarita  |9 12072 
245 1 0 |a Análisis comunicacional del conflicto ambiental de la Comuna de San Alfonso  |c Margarita Ceppi Morales y Pamela Letelier Saavedra. 
260 |a Santiago, Chile:  |b Universidad Academia de Humanismo Cristiano,  |c 1998. 
300 |a 136 p. 
500 |a Tesis para optar al título de periodista y al grado académico de Licenciado en Comunicación Social. 
520 |a Durante los últimos diez años, Chile ha experimentado un fuerte y sostenido crecimiento económico, lo que convierte a nuestro país en una economía atractiva para las inversiones extranjeras. Sin embargo, este crecimiento no ha estado exento de conflictos, en especial los ambientales debidos a que un gran número de las inversiones productivas están orientadas a explotar o alterar los recursos naturales. Tal vez la mera alteración ambiental no signifique necesariamente que se genere un conflicto, pero éste se hace inevitable cuando los actores que intervienen muestran intereses contrapuestos en torno al impacto ambiental o al valor que Ie asignan a los distintos ecosistemas. 
650 0 |a Desarrollo económico   |9 12074  |x Aspectos ambientales   |z Chile 
700 |a Letelier Saavedra, Pamela  |9 12073 
700 |a Ruz Aguilera, Omar  |9 1080 
856 |u http://bibliotecadigital.academia.cl/xmlui/handle/123456789/5747  |y Disponible en línea (PDF). Biblioteca Digital UAHC 
900 |a TPERIO 03 
942 |c TS 
952 |0 0  |1 0  |4 0  |6 TPERIO_03_000000000000000  |7 0  |8 COMP  |9 84441  |a BC  |b BC  |c Hemeroteca  |d 2017-08-03  |l 0  |o TPERIO 03  |p 1311912  |r 2019-01-15 00:00:00  |t c.1  |w 2017-08-03  |y TS 
999 |c 46591  |d 46591